<?xml version="1.0" encoding="UTF-8"?>
<record
    xmlns:xsi="http://www.w3.org/2001/XMLSchema-instance"
    xsi:schemaLocation="http://www.loc.gov/MARC21/slim http://www.loc.gov/standards/marcxml/schema/MARC21slim.xsd"
    xmlns="http://www.loc.gov/MARC21/slim">

  <leader>02134nam a2200289 i 4500</leader>
  <controlfield tag="003">DO-SdBNP</controlfield>
  <controlfield tag="005">20230726101829.0</controlfield>
  <controlfield tag="007">ta</controlfield>
  <controlfield tag="008">221101e2022    dr ||||er|||| 001 j spa d</controlfield>
  <datafield tag="020" ind1=" " ind2=" ">
    <subfield code="a">9789945933758</subfield>
  </datafield>
  <datafield tag="040" ind1=" " ind2=" ">
    <subfield code="a">DO-SdBNP</subfield>
    <subfield code="b">spa</subfield>
    <subfield code="c">BNPHU</subfield>
    <subfield code="e">rda</subfield>
  </datafield>
  <datafield tag="082" ind1=" " ind2="4">
    <subfield code="a">RD863.5</subfield>
    <subfield code="b">Q77d</subfield>
    <subfield code="2">22</subfield>
  </datafield>
  <datafield tag="245" ind1="0" ind2="0">
    <subfield code="a">Quinta dosis:</subfield>
    <subfield code="b">selecci&#xF3;n de cuentos del Taller Literario Narradores de Santo Domingo.</subfield>
  </datafield>
  <datafield tag="264" ind1=" " ind2=" ">
    <subfield code="a">Santo Domingo :</subfield>
    <subfield code="b">&#xDA;ltimos Monstruos,   </subfield>
    <subfield code="c">2022.</subfield>
  </datafield>
  <datafield tag="300" ind1=" " ind2=" ">
    <subfield code="a">204 p&#xE1;ginas ;</subfield>
    <subfield code="c">19 cm.</subfield>
  </datafield>
  <datafield tag="336" ind1=" " ind2=" ">
    <subfield code="2">rdacontent</subfield>
    <subfield code="a">texto</subfield>
    <subfield code="b">txt</subfield>
  </datafield>
  <datafield tag="337" ind1=" " ind2=" ">
    <subfield code="2">rdamedia</subfield>
    <subfield code="a">sin mediaci&#xF3;n</subfield>
    <subfield code="b">n</subfield>
  </datafield>
  <datafield tag="338" ind1=" " ind2=" ">
    <subfield code="2">rdacarrier</subfield>
    <subfield code="a">volumen</subfield>
    <subfield code="b">nc</subfield>
  </datafield>
  <datafield tag="505" ind1=" " ind2=" ">
    <subfield code="a">A modo de introducci&#xF3;n--</subfield>
    <subfield code="t">La Misi&#xF3;n /</subfield>
    <subfield code="r">Valent&#xED;n Amaro--</subfield>
    <subfield code="t">En v&#xED;a contraria /</subfield>
    <subfield code="r">Niurca Herrera Mej&#xED;a--</subfield>
    <subfield code="t">Camino a casa /</subfield>
    <subfield code="r">Bileysi Reyes--</subfield>
    <subfield code="t">Un poco m&#xE1;s de carga /</subfield>
    <subfield code="r">Mildred Rodr&#xED;guez--</subfield>
    <subfield code="t">Obsesi&#xF3;n /</subfield>
    <subfield code="r">Belkis M. Marte--</subfield>
    <subfield code="t">Rebotes. /</subfield>
    <subfield code="r">Alcedo S&#xE1;nchez--</subfield>
    <subfield code="t">El &#xFA;ltimo cineasta--</subfield>
    <subfield code="r">Rodolfo B&#xE1;ez--</subfield>
    <subfield code="t">Ciguapas /</subfield>
    <subfield code="r">Roxanna Delgado--</subfield>
    <subfield code="t">De alguna manera /</subfield>
    <subfield code="r">Bienvenida Morla--</subfield>
    <subfield code="t">Marina /</subfield>
    <subfield code="r">Amarilis Cueto--</subfield>
    <subfield code="t">El salto /</subfield>
    <subfield code="r">Sadi F&#xE9;liz Antoine--</subfield>
    <subfield code="t">Mike/</subfield>
    <subfield code="r">Luis Javier--</subfield>
    <subfield code="t">Mis tres buenos amigos /</subfield>
    <subfield code="r">An&#xED;bal Hern&#xE1;ndez Medina--</subfield>
    <subfield code="t">Obligado a ser piedra /</subfield>
    <subfield code="r">Jos&#xE9; M&#xE1;ximiliano Cimarro /</subfield>
    <subfield code="r">Sus ojos verdes--</subfield>
    <subfield code="t">La tienda de sandalias /</subfield>
    <subfield code="r">Juan M. Fructuosos H--</subfield>
    <subfield code="t">Coraz&#xF3;n abatido /</subfield>
    <subfield code="r">Miguel &#xC1;ngel Beltr&#xE9; Ram&#xED;rez--</subfield>
    <subfield code="t">Disco rayado /</subfield>
    <subfield code="r">V&#xED;ctor Escarram&#xE1;n--</subfield>
    <subfield code="t">Evitando problemas /</subfield>
    <subfield code="r">Mar&#xED;a Luisa Tav&#xE1;rez--</subfield>
    <subfield code="t">Otro mundo /</subfield>
    <subfield code="r">Ana Rosa P&#xE9;rez--</subfield>
    <subfield code="t">Las ventas de Maraia/</subfield>
    <subfield code="r">George P&#xE9;rez--</subfield>
    <subfield code="t">Miles de Coronas /</subfield>
    <subfield code="r">Elena Elizabeth Ramos Grull&#xF3;n--</subfield>
    <subfield code="t">La metamorfosis, tres formas de contarla /</subfield>
    <subfield code="r">Mois&#xE9;s Santana Castro--</subfield>
    <subfield code="t">El cuarto del bochorno--</subfield>
    <subfield code="r">Ivan Pallano Tejeda--</subfield>
    <subfield code="t">Huevos de oro /</subfield>
    <subfield code="r">Scarlet S&#xE1;nchez--</subfield>
    <subfield code="t">No cuenta que te vayas--</subfield>
    <subfield code="r">H&#xE9;ctor Santana--</subfield>
    <subfield code="t">Redenci&#xF3;n /</subfield>
    <subfield code="r">Luisa Navarro.--</subfield>
    <subfield code="t">Conspiraci&#xF3;n /</subfield>
    <subfield code="r">Ram&#xF3;n Adriano Rivera.</subfield>
  </datafield>
  <datafield tag="590" ind1=" " ind2=" ">
    <subfield code="a">Inventariado 2022 / MF</subfield>
  </datafield>
  <datafield tag="650" ind1=" " ind2="4">
    <subfield code="a">Literatura dominicana</subfield>
    <subfield code="9">80984</subfield>
  </datafield>
  <datafield tag="650" ind1=" " ind2="4">
    <subfield code="9">8799</subfield>
    <subfield code="a">Cuentos dominicanos</subfield>
  </datafield>
  <datafield tag="710" ind1="2" ind2=" ">
    <subfield code="a">Taller Literario Narradores de Santo Domingo.</subfield>
    <subfield code="9">82890</subfield>
  </datafield>
  <datafield tag="711" ind1=" " ind2=" ">
    <subfield code="a">Taller Literario Narradores de Santo Domingo </subfield>
    <subfield code="9">82891</subfield>
  </datafield>
  <datafield tag="910" ind1=" " ind2=" ">
    <subfield code="a">MFeliz/Validado. Control de calidad MFF</subfield>
  </datafield>
  <datafield tag="942" ind1=" " ind2=" ">
    <subfield code="2">ddc</subfield>
    <subfield code="c">LBS1</subfield>
  </datafield>
  <datafield tag="952" ind1=" " ind2=" ">
    <subfield code="0">0</subfield>
    <subfield code="1">0</subfield>
    <subfield code="2">ddc</subfield>
    <subfield code="5">1</subfield>
    <subfield code="7">0</subfield>
    <subfield code="8">PD</subfield>
    <subfield code="a">BNPHU</subfield>
    <subfield code="b">BNPHU</subfield>
    <subfield code="c">HD</subfield>
    <subfield code="d">2022-05-05</subfield>
    <subfield code="e">Dep&#xF3;sito legal </subfield>
    <subfield code="o">BNPHU PD RD863.5 Q77d</subfield>
    <subfield code="p">2022-4671</subfield>
    <subfield code="r">2022-11-01</subfield>
    <subfield code="w">2022-11-01</subfield>
    <subfield code="y">LBS1</subfield>
  </datafield>
  <datafield tag="952" ind1=" " ind2=" ">
    <subfield code="0">0</subfield>
    <subfield code="1">0</subfield>
    <subfield code="2">ddc</subfield>
    <subfield code="5">1</subfield>
    <subfield code="7">0</subfield>
    <subfield code="8">PD</subfield>
    <subfield code="a">BNPHU</subfield>
    <subfield code="b">BNPHU</subfield>
    <subfield code="c">HD</subfield>
    <subfield code="d">2022-05-05</subfield>
    <subfield code="e">Dep&#xF3;sito legal </subfield>
    <subfield code="o">BNPHU PD RD863.5 Q77d</subfield>
    <subfield code="p">2022-4672</subfield>
    <subfield code="r">2022-11-01</subfield>
    <subfield code="t">e.2</subfield>
    <subfield code="w">2022-11-01</subfield>
    <subfield code="y">LBS1</subfield>
  </datafield>
  <datafield tag="952" ind1=" " ind2=" ">
    <subfield code="0">0</subfield>
    <subfield code="1">0</subfield>
    <subfield code="2">ddc</subfield>
    <subfield code="5">6</subfield>
    <subfield code="7">0</subfield>
    <subfield code="8">DS</subfield>
    <subfield code="a">BNPHU</subfield>
    <subfield code="b">BNPHU</subfield>
    <subfield code="c">HD</subfield>
    <subfield code="d">2022-05-05</subfield>
    <subfield code="e">Dep&#xF3;sito legal </subfield>
    <subfield code="o">BNPHU DS RD863.5 Q77d</subfield>
    <subfield code="p">2022-4673</subfield>
    <subfield code="r">2022-11-01</subfield>
    <subfield code="t">e.3</subfield>
    <subfield code="w">2022-11-01</subfield>
    <subfield code="y">LBS1</subfield>
  </datafield>
  <datafield tag="999" ind1=" " ind2=" ">
    <subfield code="c">52710</subfield>
    <subfield code="d">52710</subfield>
  </datafield>
</record>
